000 00551nam a2200205Ia 4500
005 20250923144623.0
008 008 250917s9999 xx 000 0 eng d
037 _aTextual
040 _aDSWL
_beng
_cDSWL
041 _aeng
_2eng
084 _aSI:L91h, J8
_qDSWL
100 _aWalker, S.H.
_9826715
245 0 _aWay to camp
_cby S.H.Walker
260 _aLondon
_bTavistock Pub. Ltd.
_c1958
300 _ax,103p.
365 _aINR
_b4.6
925 _g4.6
942 _cTEXL
_hSI:L91h, J8
999 _c1441261
_d1441261